000 00363 a2200121 4500
000 nam a22 7a 4500
005 20260427105637.0
020 _a9780691175591
100 _aGrigore Pop-Eleches
_91235728
245 _aCommunism's Shadow: Historical Legacies and Contemporary Political Attitudes
260 _bPrinceton University Press
_c2017
942 _cTEXL
999 _c1848551
_d1848551